| 000 | 00641nam a2200157Ia 4500 | ||
|---|---|---|---|
| 008 | 260210s9999 xx 000 0 und d | ||
| 024 | _a18B-014-CS, 18B-054-CS, 18B-006-CS, 17B-039-CS & 18B-090-CS | ||
| 082 | _a004.1072 KHU | ||
| 100 | _aKainat Khursheed, Muhammad Sohaib, Shaheer Ahmed & Syed Shah Abdul Rehman Warsi | ||
| 110 | _aDr. Sharaf Hussain | ||
| 245 | 0 | _aWeb Based Journals Recommender System | |
| 260 |
_aKarachi: _bUITU, _c2018 |
||
| 600 | _aComputer Science | ||
| 650 | _aBachelor of Engineering (BE) | ||
| 856 |
_uhttps://drive.google.com/file/d/1Ne6k9VDRLOn3ZRDb_erDTES0M69Yz70_/view?usp=sharing _yClick here for PDF |
||
| 999 |
_c32497 _d32497 |
||